{"text_format":"3","workbook":"xls","n_sheets":7,"sheets":["铁路客运服务","旅游管理及茶艺","美容护理","幼儿教育","中式面点","休闲","25面点高级工班"],"not_rendered":{"images":4},"read":"whole","date_system":"1900","formulas":"cached_only"}

{"sheet":"铁路客运服务","index":0,"n_rows":44,"n_cols":9,"rows_kept":44,"merged":[[0,0,0,8],[1,0,1,8],[33,8,42,8],[43,0,43,6]],"flags":["formulas_cached_only"]}
["旅游商务系各专业、课程耗材采购计划表"]
[" 铁路客运服务专业 实习耗材添置采购计划表（2024-2025第一学期）"]
["序号","项目名称","参考品牌\n型号、规格","技术参数、性能指标要求","单位","数量","单价","合计","备注"]
[1,"哥顿金酒","哥顿","750ML","瓶",4,90,360]
[2,"君度力娇酒","君度","700ML","瓶",2,150,300]
[3,"绿薄荷味力娇酒","波士","700ML","瓶",2,85,170]
[4,"白可可味力娇酒","波士","700ML","瓶",2,100,200]
[5,"绝对伏特加"," 绝对","700ML","瓶",3,140,420]
[6,"百加得朗姆酒","百加得","750ML","瓶",3,95,285]
[7,"金宾波本威士忌"," 金宾","750ML","瓶",3,100,300]
[8,"将军白兰地"," 将军","700ML","瓶",2,150,300]
[9,"气泡水","象牌","          1*24*325ML","件",2,85,170]
[10,"龙舌兰","  豪帅快活","750ML","瓶",3,120,360]
[11,"屈臣氏汤力水","屈臣氏","330ML","件",2,130,260]
[12,"屈臣氏苏打水","屈臣氏","330ML","件",2,125,250]
[13,"可口可乐","可口可乐","1.25L","瓶",6,40,240]
[14,"雪碧","可口可乐","1.25L","瓶",6,40,240]
[15,"新鲜柠檬",null,"黄色、青色各5斤","斤",10,10,100]
[16,"新鲜鸡蛋",null,null,"板",3,28,84]
[17,"浓缩橙汁"," 新的","840ML","瓶",2,60,120]
[18,"浓缩柠檬汁"," 新的","  840ML","瓶",2,60,120]
[19,"红石榴糖浆","莫林","1000ML","瓶",2,85,170]
[20,"蓝橙力娇","波士","700ML","瓶",2,85,170]
[21,"百利甜酒",null,"750ml","甁",2,125,250]
[22,"甘露咖啡酒",null,"750ml","甁",2,130,260]
[23,"水果刀",null,null,"把",2,210,420]
[24,"手压式榨汁器",null,null,"把",2,65,130]
[25,"高透冰模具",null,null,"套",2,50,100]
[26,"杯垫（厚）",null,null,"个",100,1,100]
[27,"波士顿摇酒壶",null,null,"个",2,105,210]
[28,"水容C",null,null,"件",2,80,160]
[29,"波士顿摇酒壶滤冰器","可折弯",null,"个",2,40,80]
[30,"单糖浆","莫林","1000ML","甁",3,65,195]
[31,"床单",null,"280厘米×200厘米\n  （缩水前尺寸：288厘米×206厘米），100％精梳棉，80支纱∕400针","张",4,270,1080,"此项目为《客房服务》课程急需、原有的床单被套太旧，且尺寸不一，需要采购与技能大赛相匹配的实训设备"]
[32,"被套",null,"235厘米×185厘米×5厘米（缩水前尺寸：242厘米*190厘米*5厘米，即247*200厘米），100％精梳棉，80支纱∕400针，三边5厘米法式飞边。底部中半开口，系带方式，2组，距两端45厘米","张",4,370,1480]
[33,"被芯",null,"230厘米×180厘米，内充1.5千克羽绒棉，含填充物总重量2.6千克","张",4,480,1920]
[34,"枕套",null,"48厘米*78厘米+15*5厘米（含5厘米法式飞边）（缩水前尺寸：88厘米*58厘米），100％精梳棉，80支纱∕400针","个",8,67,536]
[35,"枕芯",null,"75厘米×45厘米，内充羽绒棉，含填充物总重量1.35千克","个",8,130,1040]
[36,"杯垫",null,"直径8.5厘米","个",10,1,10]
[37,"杯盖",null,"最大直径9.5厘米","个",10,1,10]
[38,"地巾提篮",null,"35*35*9厘米","个",2,160,320]
[39,"地巾",null,"长80厘米，宽50厘米，重量≥0.45千克","条",4,70,280]
[40,"床垫.床架",null,"床垫:120*200*22CM、架:120*200*20cm+床脚7CM",2,"套",2950,5900]
["合计",{"$nulls":6},19100]

{"sheet":"旅游管理及茶艺","index":1,"n_rows":16,"n_cols":8,"rows_kept":16,"merged":[[0,0,0,7],[1,0,1,7],[8,0,8,1],[9,0,9,7],[14,0,14,1],[15,0,15,1]],"flags":["formulas_cached_only"]}
["旅游商务系各专业、课程耗材采购计划表"]
[" 《茶艺》课程耗材预算（24铁路班、23铁路1班、23铁路2班）"]
["序号","项目名称","参考品牌、型号、规格","技术参数、性能指标要求","单位","数量","单价（元）","合计（元）"]
[1,"白瓷盖碗","容量150ml，口径9.5cm,高5.5cm",null,"个",20,18,360]
[2,"白瓷公道杯","容量220ml",null,"个",20,12,240]
[3,"白瓷品茗杯","容量30ml",null,"个",120,6,720]
[4,"煮水器","金灶品牌，T94-曜石黑，1.5L","1800W","个",3,110,330]
[5,"电开水桶","志高品牌，型号：ZK-90，容量40L","宽29m*长51cm，2200W","个",1,460,460]
["本项合计",{"$nulls":6},2110]
["《现场导游》课程耗材预算（24旅游服务班）"]
["序号","项目名称","参考品牌、型号、规格","技术参数、性能指标要求","单位","数量","单价（元）","合计（元）"]
[1,"独秀峰王城景区","门票","学生票","张",26,50,1300]
[2,"独秀峰王城景区","门票","成人票","张",2,100,200]
[3,"两江四湖","船票","日游一江四湖","张",28,85,2380]
["本项合计",{"$nulls":6},3880]
["总合计"]

{"sheet":"美容护理","index":2,"n_rows":141,"n_cols":8,"rows_kept":141,"merged":[[0,0,0,7],[1,0,1,7]],"flags":["formulas_cached_only"]}
["旅游商务系各专业、课程耗材采购计划表"]
["美容护理专业实习设备、耗材添置采购计划表（2025-2026第一、二学期）"]
["序号","项目名称","参考品牌\n型号、规格","技术参数、性能指标要求","单位","数量","单价","合计"]
[1,"shuzab胶","12公斤上套",null,"套",1,488,488]
[2,"95%高浓度酒精","2L",null,"桶",5,{"v":30,"d":"30.00"},150]
[3,"手模道具","D3白色、D4白色各两个、D3肤色两个",null,"个",6,42,252]
[4,"仿真软手","一对（左右手）",null,"双",5,68,340]
[5,"调胶纸","大号7.6X7.6CM、50张/本",null,"本",50,6,300]
[6,"洗甲棉","700片/包、硬质美甲棉片",null,"包",50,6,300]
[7,"防水围布","白色、黑色各5块、70X85CM",null,"块",10,20,200]
[8,"美甲调胶棒","木质手柄",null,"支",50,4.2,210]
[9,"打磨头收纳盒","20孔100#透明色",null,"个",30,2,60]
[10,"磁性铁片","0.5厚度，白色",null,"片",30,6,180]
[11,"酒精瓶空瓶","200ML/长53MMX高105MMX宽53MM",null,"个",10,4,40]
[12,"小颖美甲花思蝶M系列猫眼胶","5g罐装/1-30号各一个",null,"个",30,13.2,396]
[13,"雪茄大磁铁","GJ321三合一磁铁",null,"个",5,20,100]
[14,"PVC高透塑料片","A4大小/1MM厚/两片一组",null,"组",20,6.8,136]
[15,"壹墨一次性乳胶手套","食品级乳胶高弹/M码4盒",null,"盒",4,60,240]
[16,"手作美甲展示板","麻纹黑色、麻纹白色、重工干花、法式蕾丝/四款各 两个",null,"块",8,33.5,268]
[17,"美甲展示板","波浪、半圆、不规则三款各2块",null,"块",6,14.7,88.2]
[18,"ins美甲展示板","花形、方形、腰果形、云朵形/四款各2块",null,"块",8,19,152]
[19,"钰创合成美甲灯","48W/30颗金属水晶灯珠款",null,"个",5,160,800]
[20,"PYNailArt绿砂条","150/150/绿色10条、120/120/黄色10条",null,"条",20,8,160]
[21,"甲托专用胶","100贴/张",null,"张",50,2.3,115]
[22,"甲片展示粘贴","30贴/张/20张装",null,"套",5,60,300]
[23,"方、圆形水彩纸","300G/方+圆形各100张/套",null,"套",2,60,120]
[24,"32K水彩本","32K/20张/本",null,"本",50,11,550]
[25,"水晶雕花胶","秀明（20G装）+乳白+雕花笔为一套",null,"套",1,75,75]
[26,"MR品牌雕花胶和工具","30G装/225､226､227､228､229､278､279/七款各一瓶",null,"瓶",7,88.5,619.5]
[27,"雕花棒套装","W494､W495､W496､W498四款各一套",null,"套",4,16,64]
[null,"化妆类"]
[1,"小号橡皮筋","直径19毫米/1斤/包",null,"包",3,22,66]
[2,"红之卸妆油","白胖子 300ML",null,"瓶",10,300,3000]
[3,"蝶伊清影干胶","320ML、四瓶套餐",null,"瓶",30,15,450]
[4,"京都发卡","50板/盒",null,"盒",30,22.5,675]
[5,"圆头波纹发夹","10盒套餐",null,"盒",200,3.5,700]
[6,"u形夹","一斤装/三盒送一盒/套餐（共12盒）",null,"盒",12,16.5,198]
[7,"禾服婚服","粉金色重工/L",null,"件",1,1380,1380]
[8,"重工秀禾服","蓝金色/XL",null,"件",1,1360,1360]
[9,"粉色重工晨袍","粉色鱼尾闪亮礼服L、紫粉色礼服M",null,"件",2,750,1500]
[10,"婚纱架","带轮1.8米X0.5米X2米金色",null,"个",1,360,360]
[11,"手提两用婚服防尘罩","透明款 180X60X15",null,"个",10,36,360]
[12,"蕾丝双眼皮贴","9款混合型/720贴/套",null,"套",20,18,360]
[13,"细网超大号洗护袋","60CNX80CM",null,"个",20,9.7,194]
[14,"哑光肿眼专用双眼皮贴","4款混合型/10张装/套",null,"套",20,16,320]
[15,"360度可移动金色框镜子","高考180CM X 170CM/防爆/金色框"]
[16,"雕牌洗衣液",null,null,"箱",2,186,372]
[17,"模特头","有妆、无妆80%真发带身边各一个",null,"个",2,447,894]
[18,"四季人测试卡冷暖肤色","四张五套",null,"套",2,18,36]
[19,"直曲8块、风格8块、肤色卡一套、黑色围布一块、领型布20块、36张口红测试卡、","六款",null,"款",6,383,2298]
[20,"镂空小人卡","两款，每款五张",null,"款",2,15,{"v":30,"d":"30.00"}]
[21,"12季型资料卡","24张一套",null,"套",1,147,{"v":147,"d":"147.00"}]
[22,"四季色板","四块一套",null,"套",1,448,{"v":448,"d":"448.00"}]
[23,"四季型诊断小色布块144色","四季色一套",null,"套",1,357,357]
[24,"12季型色彩小卡片","一套",null,"套",1,30,30]
[25,"铝合金三角美发头模专用支架","两个",null,"个",2,192,384]
[26,"铅笔536","50支/筒",null,"筒",2,35,70]
[27,"防水防汗砍刀眉笔","2支为一盒/01､02､03(黑色、灰棕色、茶棕色）5组共30支",null,"组",5,26.7,133.5]
[28,"181拉线眉笔","黑色、烟灰色各5盒/12支一盒",null,"盒",10,21,210]
[29,"花西子定妆粉","Z20白皙肤色/Z25自然肤色/02雾轻纱透明哑光/06暖调柔粉/四个号各一个",null,"盒",4,283.5,1134]
[30,"橘朵#02树影盘","#02号修容盘",null,"盒",2,105,210]
[31,"国栋GD电眼睫毛夹",null,null,"个",2,36,72]
[32,"艾蓓拉睫毛夹/五款各一个","一飞冲天+纹丝不动2.0/一飞冲天经典+纹丝不动2.0/一飞冲天11型/大开眼界肿眼泡/太阳花修长眼型",null,"个",5,65,325]
[33,"魔卡如茵睫毛膏","01黑色10支/02棕色2支",null,"支",12,7.5,90]
[34,"健美创研睫毛打底膏","10支",null,"支",10,20,200]
[35,"百雀羚甘油","保温、滋润、透亮各5瓶/75G",null,"瓶",15,8.7,130.5]
[36,"B5积雪草爽肤水","400ML",null,"瓶",10,55,550]
[37,"百草妈咪妆前乳","30G",null,"瓶",5,12,60]
[38,"红地球贴贴霜妆前乳","15g/清爽款、经典款各一瓶",null,"瓶",2,75,150]
[39,"韩妮采妆前乳 ","80ML",null,"瓶",1,120,120]
[40,"欧莱雅小金管","30ML（赠7.5MLX4)一套",null,"套",1,140,140]
[41,"双头美睫摄子","浅蓝色",null,null,20,12.6,252]
[42,"南孚电池","5号、7号/各24粒/盒",null,"盒",2,75,150]
[43,"莫兰迪美工刀","全色系每套五把",null,"套",2,27,54]
[44,"极色睫毛胶水","10ML/瓶",null,"瓶",5,42,210]
[45,"新中式礼服","新中式晨袍闪片紫、绿粉礼服、花闪礼服",null,"套",3,370,1110]
[46,"柏瑞美定妆喷雾","水光亮面、柔焦雾面、大师版/100ML，三款各两瓶",null,"瓶",6,70,420]
[47,"刷包","29孔黑色",null,"个",2,27,54]
[48,"逆龄化妆刷","13支套装、8支桶装、白毛8支桶装/三款各一套",null,"套",3,130,390]
[49,"化妆练习板","全+半脸（下看）+眼线笔+支架+2清洁油为一套",null,"套",5,120,600]
[50,"练习板","闭眼、一闭一睁练习板/两款各3",null,"个",6,48,288]
[51,"衣叉","1.8米/银色铝合金",null,"个",2,12,24]
[52,"雪尼尔平板拖把","45CM大面板+4块雪尼尔布/一套",null,"把",4,60,240]
[53,"拖把","30CM、木杆",null,"把",10,15,150]
[54,"擦玻璃神器","带杆、适用*-35MM玻璃+2升水壶",null,"把",2,250,500]
[55,"多功能清洁泡沫","2500ML/瓶",null,"瓶",10,54,540]
[56,"鹿仙子台式焊接工作台带灯","16126A以台式放大镜/白色",null,"个",1,78,78]
[57,"德力西电电洛铁维修套装","90W/11件套装",null,"套",1,140,140]
[58,"饰维修焊接固定夹具","长8CM宽8CM厚1.2CM",null,"个",2,105,210]
[59,"专业3D打印笔","套餐三/黄笔、白色各一套",null,"套",2,558,1116]
[60,"3D打印机耗材 ","黑、白色/1KG/各一卷",null,"卷",2,105,210]
[61,"热缩膜吹风机","1600W/无极调",null,"把",1,120,120]
[62,"热风枪小巧300W","白蓝、红黑色",null,"个",5,21,105]
[63,"假头模型假人头","亮黑精品高低肩、哑光白高低肩、哑光黑女头长款、哑光白女头长款/四款各一",null,"个",4,87,348]
[64,"橱窗假人无头成人女模特","白色直身款/亮白女6平头款送底座 ",null,"个",1,494,494]
[65,"假发片","宽3CM长60CM发片，8片为一组/黑色、棕黑色/各10组",null,"组",10,54,540]
[66,"手推波纹发夹","黑色24支，两盒为一组",null,"组",10,42,420]
[67,"新中式造型假发片","自然黑宽9CM长发CM、自然黑宽4.5CM长袖CM发片各十条",null,"条",20,34.5,690]
[68,"完美时光日記眼影盘","40色",null,"盒",1,26,26]
[69,"16色眼影盘","16色",null,"盒",1,27,27]
[70,"六边形悬浮框","六边形 25.4X21.2CM",null,"块",16,40.5,648]
[71,"洗16张照片","10寸 16张（洗照片联系陈老师）",null,"张",16,8.5,136]
[72,"透明水晶亚克力空相框","A4板/花边形",null,"个",6,72,432]
[73,"大骰子","30CM橙色",null,"个",1,27,27]
[74,"首饰店展示架","秀明",null,"个",10,18,180]
[75,"风琴折布料","白色、深贝壳色、柔粉、浅蓝色各 /各色5米",null,"米",20,27,540]
[76,"漂白剂","500G一瓶，五瓶为一套",null,"套",5,50,250]
[77,"电焊胶","25G装",null,"瓶",2,22,44]
[78,"除霉剂","5.3斤装",null,"桶",2,62,122]
[79,"串珠专用针","12根一组",null,"组",2,12,24]
[80,"蕙兰花仿真花","15支一把/淡粉色、米白色、艳紫色、玫红色、深桔色/五色各一把",null,"把",5,44.7,223.5]
[81,"双头微距修眉刀","三把一套/共30把",null,"套",10,12,120]
[82,"串珠弯嘴圆嘴钳多功能套装","DIY9件套+收纳包",null,"套",1,40,40]
[83,"配件diy材料","24格盒#金色和银色混合、24格红黄蓝拼、24格绿粉蓝拼/三款各一盒",null,"盒",3,35,105]
[84,"仿珍珠有孔混装散珠子配件","10格ABS珍珠套盒、15格ABS珍珠套盒/两款各2盒",null,"盒",4,28.8,115.2]
[85,"皱纹欧根纱布料","本白、天青色、深蓝、黑色、红色、浅粉色/六色各3米",null,"米",18,19.5,351]
[null,"美睫"]
[1,"练习睫毛","6MM练习睫毛100盒",null,"套",2,217,434]
[2,"40格亚克力收纳盒",null,null,"个",1,192,192]
[3,"美睫收纳盒一体式",null,null,"个",2,105,210]
[4,"练习用的基底毛","每盒5对，10盒为一套/一定要给商家备注要长度6MM的",null,"个",10,40.2,402]
[5,"美睫专用展示打板","黑架3个+蓝色3个、黑架3个+黑色3个、白架3具+蓝眼3个、白架3个+黑色3个/4款各一组",null,"组",4,39,156]
[6,"人脸面具展示架","白色一大一小为一组",null,"组",2,105,210]
[7,"嫁接展示板","五叶草茶花款",null,"个",4,24,96]
[]
[null,"美容护肤类"]
[1,"洁面乳","自然妍500ml","不含酒精，适合所有肤质","瓶",50,60,3000]
[2,"精致营养液（保湿水）","大白瓶金盏花爽肤水500ml","不含酒精，适合油性皮肤","瓶",25,40,1000]
[3,"焕颜营养液（保湿水）","b5积雪草秋冬补水保湿500ml","不含酒精，适合混合性皮肤","瓶",15,60,900]
[4,"棉签","500尖+圆一盒",null,"盒",25,6,150]
[5,"一次性洗脸巾","大卷600g加厚",null,"卷",50,24,1200]
[6,"软膜","山茶花1公斤装",null,"袋",30,70,2100]
[7,"卸妆水","尔木葡卸妆水500ml",null,"瓶",50,44,2200]
[8,"精华","自然妍500ml",null,"瓶",25,50,1250]
[9,"清洁工具拖把","乐章水老式拖把加固型35cm",null,"把",4,18,72]
[10,"洗衣液","蓝月亮套装14斤",null,"套",1,176,176]
[11,"洁厕灵","超威500ml一瓶",null,"瓶",6,8,48]
[12,"面部按摩膏","vpstart洋甘菊舒缓按摩膏500g/瓶","file:///D:/耗材图片/按摩膏.jpg","瓶",50,55,2750]
[13,"洗手液","滴露洗手液250g/瓶",null,"瓶",50,14,700]
[14,"去角质凝露","vpstart去角质凝露面部500g/瓶",null,"瓶",50,55,2750]
[null,"合计",{"$nulls":5},{"v":59077.399999999994,"d":"59,077.40"}]

{"sheet":"幼儿教育","index":3,"n_rows":27,"n_cols":9,"rows_kept":27,"merged":[[0,0,0,7],[26,0,26,6]],"flags":["formulas_cached_only"]}
[" 幼儿教育专业美术、钢琴、保育耗材采购计划清单（2025-2026第一学期）"]
["序号","项目名称","参考品牌\n型号、规格","技术参数","单位","数量","单价","合计金额（元）"]
[1,"电钢琴电源线适配器变压器","FJ-SW120200C","输出参数DC12V2000MA","个",30,67.5,{"v":2025,"d":"2,025.00"},"急需更换"]
[2,"婴儿抽纸","维达、原木纸浆","3层100抽一包、20包一组","组",2,60,{"v":120,"d":"120.00"}]
[3,"婴幼儿手口湿巾","维达、纯水","维达纯水湿巾","组",2,90,{"v":180,"d":"180.00"}]
[4,"立体 纸模","甬奉","动物（中号）","本",26,22,572]
[5,"白卡纸","慧梦数码A4","A4    180g  100张/本","张",10,26,260]
[6,"19.5cm双层卡纸","战利者 裱框","双层卡纸+膜","本",5,17,85]
[7,"皱纹纸","春草夏树儿童启蒙手工玩具","加厚31色50*250 15色/包","包",2,50,100]
[8,"手帐本","美销办公专营店","12*15  4本/套","套",5,95,475]
[9,"泡沫球","鱼叮当","小号  20个/包","包",5,9,45]
[10,"仿珍珠 ","仿珍珠","各 号","包",5,15,75]
[11,"毛线","彩虹外贸毛线","渐变色","卷",10,40,400]
[12,"缠花纸模 ","李小甘緾花","50色","套",4,55,220]
[13,"植物敲拓","玩学堂","25mm锤+1号大号布","套",23,16,368]
[14,"叶脉上浆","叶不落","去叶肉+漂白+叶脉浆+盘子手套等","套",5,58,290]
[15,"掐丝珐琅","景泰蓝掐丝材料包","高级进级","套",5,53,265]
[16,"玩偶布料","鑫鸿布业","0.5米*0.5米 (各色2块)","块",46,6.5,299]
[17,"大漆","漆韵阁"," 银（2）金（2）白（4）奶白（2）","瓶",10,16.5,165]
[18,"不锈钢团扇骨架","幕雪手作","18套梅花形+木柄","套",2,38,76]
[19,"团扇古风","遂古","30把混装","套",1,55,55]
[20,"双头秀丽毛笔","蓝贵妃旗舰店","24色","盒",2,75,150]
[21,"扭扭棒","珊瑚绒","每根1米","根",50,3,150]
[22,"动物眼睛 鼻子",null,"各尺寸","盒",5,20,100]
[23,"扭扭棒小狗项圈","卿晶旗舰店","9色","米",9,3,27]
[24,"亚克力展示柜","佑卡曼","ST-39-1  长级大号带卡槽(12个装)","个",2,36,72]
["合计",{"$nulls":6},6574]

{"sheet":"中式面点","index":4,"n_rows":133,"n_cols":8,"rows_kept":133,"merged":[[0,0,0,7],[1,0,1,7],[132,0,132,5]],"flags":["formulas_cached_only"]}
["旅游商务系各专业、课程耗材采购计划表"]
["中西式面带专业实习设备、耗材添置采购计划表（2025-2026第一学期）"]
["序号","项目名称","参考品牌\n型号、规格","技术参数、性能指标要求","单位","数量","单价","合计"]
[1,"低筋面粉","美玫","25kg/袋","袋",1,220,220]
[2,"中筋面粉","五得利（五星）","25kg/袋","袋",7,145,1015]
[3,"雪花粉","河南思丰，超级系列","25kg/袋","袋",1,125,125]
[4,"普通面粉","雪花","25kg/袋","袋",4,130,520]
[5,"高筋粉","金象","25kg/袋","袋",1,230,230]
[6,"糯米","散装",null,"斤",20,5,100]
[7,"糯米粉","三象","500g/袋，20包/箱","箱",2,195,390]
[8,"澄粉","虹联","25kg/袋","袋",1,210,210]
[9,"幼砂糖","TS韩国","30kg/袋","袋",1,330,330]
[10,"粗白糖","散装",null,"斤",10,5,50]
[11,"干紫菜","阿一波海峡紫菜","100g/袋","袋",3,20,60]
[12,"鲜鸡蛋",null,"12板/箱、30枚/板","箱",1,280,280]
[13,"新鲜咸鸭蛋",null,"30枚/板","板",6,54,324]
[14,"全脂奶粉","雀巢","500g/袋","袋",8,45,360]
[15,"马蹄粉","车田河","500g/袋","袋",10,40,400]
[16,"调和油","金龙鱼","5L/瓶","桶",8,90,720]
[17,"花生油（一级）","福临门","5L/瓶","桶",2,150,300]
[18,"精炼猪油","红枫叶","15kg/桶","桶",2,260,520]
[19,"无盐黄油","安佳",null,"斤",8,45,360]
[20,"鹰粟粉","家乐","1kg/袋","袋",6,20,120]
[21,"蔓越莓干","散装",null,"斤",1,50,50]
[22,"木薯粉","泰国鳄鱼牌","500g/袋","袋",10,12,120]
[23,"沙拉酱","丘比特","1kg/袋","袋",2,35,70]
[24,"酵母","安琪","100g/袋","袋",15,12,180]
[25,"生粉","三角牌","200g/袋","袋",10,5,50]
[26,"泡打粉（无铝双效）","百钻","50g/包 20包/盒","盒",1,85,85]
[27,"食粉","斧头牌","445g/盒","盒",2,6,12]
[28,"吉士粉","狮宝牌","300g/罐","罐",2,12,24]
[29,"枧水","陈村牌","300ml/瓶","瓶",2,12,24]
[30,"糖浆","金狮牌","907g/罐","罐",8,30,240]
[31,"椰浆","金牌高达","400ml/罐","罐",15,12,180]
[32,"炼乳","熊猫牌","350g/罐","罐",8,15,120]
[33,"仙人掌果粉","法采","100g/袋","袋",4,32,128]
[34,"斑斓粉","法采","100g/袋","袋",2,45,90]
[35,"蝶豆花粉","法采","100g/袋","袋",4,35,140]
[36,"可可粉","朱师傅","500g/罐","罐",1,70,70]
[37,"红糖粉","太古","350g/包","包",8,15,120]
[38,"赤砂糖（黑糖）","散装",null,"斤",2,6,12]
[39,"油性豆沙","鲁樱牌","5kg/袋","袋",6,80,480]
[40,"水性豆沙","鲁樱牌","5kg/袋","袋",2,80,160]
[41,"蛋黄金沙奶黄馅","广州酒家","500g/袋","袋",6,35,210]
[42,"法采色素","    法采色素  大红色，柠檬黄，天空蓝，绿色，果绿色，粉红色，白色，黑色,橙黄色（9种颜色各1瓶）","  22克/瓶","瓶",9,20,180]
[43,"黑芝麻","散装",null,"斤",5,15,75]
[44,"白芝麻","散装",null,"斤",7,12,84]
[45,"花生米","散装",null,"斤",2,8,16]
[46,"去皮绿豆","鼎橙牌","1000g/袋","袋",5,25,125]
[47,"干香菇","庆元","250g/袋","袋",2,30,60]
[48,"干云耳","散装",null,"斤",2,45,90]
[49,"广式香肠","散装",null,"斤",10,35,350]
[50,"火腿肠",null,"60g/根","根",32,2.5,80]
[51,"生抽","海天","1.9L","瓶",2,28,56]
[52,"蚝油","海天","750ml","瓶",5,10,50]
[53,"老抽","海天","1.9L","瓶",1,28,28]
[54,"芝麻香油","李锦记","410ml","瓶",2,40,80]
[55,"海苔酥脆松","闽源丰","1kg/袋","袋",2,70,140]
[56,"黄面包糠","穗橙","1kg/袋","袋",3,20,60]
[57,"洗洁精","立白（新金桔）","4kg/桶","桶",10,35,350]
[58,"一次性手套","超护牌","盒装抽取式餐饮 食品级 加厚透明塑料PE薄膜200只","盒",8,15,120]
[59,"保鲜膜（卷）","南亚","大卷、食品保鲜、pvc材质\n宽40cm*400m(重1980g）","卷",2,60,120]
[60,"液化气（不带罐）","桂煤燃气","16.5kg/罐","罐",12,145,1740]
[61,"7号电池","南孚电池",null,"双",30,6,180]
[62,"水磨糯米粉","日强","25kg/袋","袋",1,220,220]
[63,"白胡椒粉","玉友","510g/瓶","瓶",1,30,30]
[64,"黄豆酱","海天","340g/瓶","瓶",6,12,72]
[65,"干虾皮","散装",null,"斤",1,35,35]
[66,"纯牛奶","蒙牛","1L/盒子","盒",6,12.5,75]
[67,"糖桂花酱","云峰","300g/瓶","瓶",3,35,105]
[68,"椰蓉","散装",null,"斤",4,15,60]
[69,"扫把",null,null,"   个",4,12,48]
[70,"       拖把",null,null,"个",8,15,120]
[71,"撮斗","铁皮",null,"个",4,25,100]
[72,"白板笔","得力","12支/盒","盒",2,30,60]
[73,"双耳黑色垃圾袋","加厚","约40*65㎝ 10个/扎","扎",30,8,240]
[74,"双耳食品袋",null,"20*25cm，100个/扎","扎",5,3,15]
[75,"双耳食品袋",null,"25*30㎝，100个/扎","扎",5,3,15]
[76,"羊毛刷","三能 编号SN4128","230*50*35㎝","个",10,15,150]
[77,"面粉筛","304全不锈钢","25㎝直径，60目","个",20,35,700]
[78,"牙签",null,"100根/袋","袋",2,2,4]
[79,"钢丝球","小个，4cm宽","8个装/袋","袋",5,16,80]
[80,"画盘画果酱","香溢食品烘焙果味画盘果酱装饰专用 1kg/袋","黑色","袋",6,15,{"v":90,"d":"90.00"}]
[81,"画盘画果酱","香溢食品烘焙果味画盘果酱装饰专用 2kg/袋","紫色，黄色，绿色，红色各5袋","袋",20,15,{"v":300,"d":"300.00"}]
[82,"透明果膏 ","立高晶晶亮透明果膏 3kg/桶","透明无色","袋",2,35,{"v":70,"d":"70.00"}]
[83,"朱师傅黑巧克力 ",null," 1kg/袋","袋",2,38,{"v":76,"d":"76.00"}]
[84,"朱师傅白巧克力 ",null," 1kg/袋","袋",3,38,{"v":114,"d":"114.00"}]
[85,"生粉",null,"散装","斤",1,5,{"v":5,"d":"5.00"}]
[86,"澄面",null,"散装","斤",10,6,{"v":60,"d":"60.00"}]
[87,"法采色素",null,"黄色，红色，绿色，蓝色各一瓶180克一瓶装","瓶",4,70,{"v":280,"d":"280.00"}]
[88,"力创白豆沙","  2kg/袋","韩式裱花材料白芸豆，颜色白色","袋",26,52,{"v":1352,"d":"1,352.00"}]
[89,"一次性裱花袋 "," 100个/袋","小号 ","袋",5,12,{"v":60,"d":"60.00"}]
[90,"维益金钻甜奶油 ","维益金钻甜奶油 1kg/盒","1kg/盒 12盒/件","件",5,318,{"v":1590,"d":"1,590.00"}]
[91,"防潮干佩斯","仙妮贝儿 454g/袋","通用型，颜色白色","袋",4,60,240]
[92,"法采防潮蝴蝶结干佩斯"," 600g/袋（糖果）","颜色白色","袋",4,40,{"v":160,"d":"160.00"}]
[93,"慕斯围边","蛋糕玻璃纸","透明，10cm宽，1公斤","卷",1,18,{"v":18,"d":"18.00"}]
[94,"pvc保鲜膜 ",null,"50cm大卷的","个",2,55,{"v":110,"d":"110.00"}]
[95,"低筋面粉","美玫","25kg/袋","袋",2,220,{"v":440,"d":"440.00"}]
[96,"高筋面粉","金象","25kg/袋","袋",3,230,{"v":690,"d":"690.00"}]
[97,"幼砂糖","TS韩国","30kg/袋","袋",1,330,{"v":330,"d":"330.00"}]
[98,"鲜鸡蛋",null,"12板/箱、30枚/板","箱",2,280,{"v":560,"d":"560.00"}]
[99,"全脂奶粉","雀巢","500g/袋","袋",1,45,{"v":45,"d":"45.00"}]
[100,"调和油","金龙鱼","5L/瓶","桶",1,90,{"v":90,"d":"90.00"}]
[101,"玉米油","金龙鱼","5L/瓶","桶",1,90,{"v":90,"d":"90.00"}]
[102,"黄油","安佳","25kg/箱","箱",1,1850,{"v":1850,"d":"1,850.00"}]
[103,"玉米淀粉","理想","454g/盒","盒",4,20,{"v":80,"d":"80.00"}]
[104,"吉利丁片","百钻","25g/包","包",1,10,{"v":10,"d":"10.00"}]
[105,"酵母","安琪","100g/袋","袋",10,12,{"v":120,"d":"120.00"}]
[106,"红曲粉","古田牌","500g/瓶","瓶",1,22,{"v":22,"d":"22.00"}]
[107,"可可粉","朱师傅","500g/罐","瓶",1,70,{"v":70,"d":"70.00"}]
[108,"抹茶粉","朱师傅","500g/罐","瓶",1,120,{"v":120,"d":"120.00"}]
[109,"小火腿肠","双汇王中王","35g/根，70根/箱","箱",1,98,{"v":98,"d":"98.00"}]
[110,"原味肉松","味美斯","1kg/袋","包",3,70,{"v":210,"d":"210.00"}]
[111,"一次性手套","超护牌","盒装抽取式餐饮 食品级 加厚透明塑料PE薄膜200只","盒",5,15,{"v":75,"d":"75.00"}]
[112,"纯牛奶","荷兰进口全脂","1L/瓶，6瓶/箱","箱",4,75,{"v":300,"d":"300.00"}]
[113,"椰蓉","散装",null,"斤",2,15,{"v":30,"d":"30.00"}]
[114,"朱师傅黑巧克力 ","朱师傅黑巧克力 1kg/袋",null,"袋",1,38,{"v":38,"d":"38.00"}]
[115,"朱师傅白巧克力 ","朱师傅白巧克力 1kg/袋",null,"袋",1,38,{"v":38,"d":"38.00"}]
[116,"一次性裱花袋 ","一次性裱花袋 100个/袋","中号 ","袋",5,15,{"v":75,"d":"75.00"}]
[117,"维益金钻甜奶油 ","维益金钻甜奶油 1kg/盒","1kg/盒 12盒/件","件",2,318,{"v":636,"d":"636.00"}]
[118,"蔓越莓干","优鲜沛","907g/袋","袋",1,100,{"v":100,"d":"100.00"}]
[119,"纸杯蛋糕杯","上口径7cm下口径6cm高5.5cm",null,"个",200,0.3,{"v":60,"d":"60.00"}]
[120,"烘焙碱","培考林","100克/袋","袋",1,28,{"v":28,"d":"28.00"}]
[121,"草莓果酱","丘比","170g/瓶","瓶",6,12,{"v":72,"d":"72.00"}]
[122,"吉利丁片","百利","1kg/盒","盒",1,210,{"v":210,"d":"210.00"}]
[123,"椰蓉","散装",null,"斤",4,15,{"v":60,"d":"60.00"}]
[124,"奶油奶酪","安佳","1kg/盒","盒",5,65,{"v":325,"d":"325.00"}]
[125,"马斯卡彭","妙可蓝多","500g/盒","盒",5,45,{"v":225,"d":"225.00"}]
[126,"杏仁片","散装",null,"斤",2,50,{"v":100,"d":"100.00"}]
[127,"硅油纸","40cm✖️60cm",null,"包",4,70,{"v":280,"d":"280.00"}]
[128,"锡纸","30cm宽60cm长",null,"盒",1,50,{"v":50,"d":"50.00"}]
[129,"红丝绒液","展艺","30ml/瓶","瓶",1,35,{"v":35,"d":"35.00"}]
["合计",{"$nulls":6},{"v":27399,"d":"27,399.00"}]

{"sheet":"休闲","index":5,"n_rows":24,"n_cols":8,"rows_kept":24,"merged":[[0,0,0,7],[1,0,1,7],[23,1,23,6]],"flags":["formulas_cached_only"]}
["旅游商务系各专业、课程耗材采购计划表"]
["休闲服务与管理专业实习设备、耗材添置采购计划表（2025-2026第一学期）"]
["序号","项目名称","参考品牌\n型号、规格","技术参数、性能指标要求","单位","数量","单价","合计"]
[null,"奶球","雀巢牌10ml*50粒","咖啡专用","包",1,40,40]
[null,"太古咖啡糖包","小包装5g*100包","咖啡糖包","袋",1,70,70]
[null,"咖啡豆平时练习用","云南豆——云南","250g","袋",8,70,560]
[null,"咖啡豆平时练习用","阿卡特南果——危地马拉耶","250g","袋",8,100,800]
[null,"咖啡豆平时练习用","蓝山一号——牙买加","250g","袋",8,80,640]
[null,"咖啡豆平时练习用","黄金曼特宁——印度尼西亚","250g","袋",8,80,640]
[null,"方形餐饮大码纸巾","维达","100张/包","包",5,5,25]
[null,"滤纸","100枚","极纤蛋糕滤纸、漂白","袋",6,25,150]
[null,"滤纸","V60、包100片","锥形滤纸、漂白","袋",6,25,150]
[null,"澳洲保利全脂牛奶1.0L","1L*12盒/件","全脂牛奶","件",3,180,540]
[null,"咖啡豆","1kg","阿维尼意式特浓咖啡豆（黑标）","包",5,120,600]
[null,"电池","南孚7号",null,"节",15,2.5,{"v":37.5,"d":"38"}]
[4,"滤纸","花朵型（1-2人）",null,"袋",4,35,140]
[5,"滤纸","白色-V60（1-2人）50张一包","锥形滤纸、无漂白","袋",6,25,150]
[6,"意式豆","深烘","1000g/袋","袋",8,120,960]
[7,"感官训练（水果组）","树莓、草莓、菠萝、芭乐等",null,"批",4,100,400]
[8,"感官训练（气味组）",null,null,"批",4,50,20]
[9,"咖啡豆展示瓶","12孔，6高+6低试管展示架",null,"个",3,110,330]
[10,"矿泉水","10个不不同品牌（500ML)",null,"组",3,90,270]
[13,"咖啡风味罗盘","6个/组","风味轮、瑕疵味轮、手冲、意式、咖啡家族、烘焙轮","组",3,50,150]
[null,"使用班级：面点高级工班、25休闲班\n合计",{"$nulls":5},6672.5]

{"sheet":"25面点高级工班","index":6,"n_rows":47,"n_cols":9,"rows_kept":47,"merged":[[0,0,0,8],[3,8,20,8],[21,8,42,8]],"flags":["formulas_cached_only"]}
["桂林技师学院实习设备、耗材添置采购计划表（2025-2026第一学期）"]
["部门：旅游商务系",{"$nulls":3},"日期：2025年7月"]
["序号","项目名称","参考品牌\n型号、规格","技术参数、性能指标\n要求","单位","数量","单价","合计","备注"]
[1,"翻糖干佩斯","法采，600克/袋","防潮通用，白色","袋",10,45,450,"翻糖课程"]
[2,"翻糖干佩斯","法采，600克/袋","防潮柔软型，白色","袋",30,45,1350]
[3,"翻糖干佩斯","法采，600克/袋","防潮蝴蝶结型，白色","袋",15,45,675]
[4,"翻糖干佩斯","法采，600克/袋","防潮人偶型，白色","袋",15,45,675]
[5,"翻糖干佩斯","仙妮贝儿，454克/袋","防潮通用型，白色","袋",20,30,600]
[6,"色素","法采，23克/瓶","12色为：黄色，红色，紫色，绿色，正红色，粉红色，咖啡色，天蓝色，葡萄紫，灰色，橙黄色，深蓝色","瓶",12,22.5,270]
[7,"翻糖工具套装","19件套，升级款","内含：泥塑8件套，压痕棒5件套，丸球棒4件套，15cm钢尺，空心棒，花瓣棒4件套，小黄铲，美工刀，塑柄刻刀，七本针，细节针，弯头镊子，黑色剪刀，翘头小剪刀，A4切割垫板等","套",6,95,570]
[8,"翻糖雕刻垫（A3）","大号，45cm×30cm","深绿色，加厚","张",6,15,90]
[9,"亚克力泥板","10cm×10cm，\n透明白色",null,"张",6,8,48]
[10,"擀面杖","不沾pp,33cm×2.5cm",null,"根",7,17,119]
[11,"A7切割垫板","复合PVC材料","绿色，74*105mm","张",7,12,84]
[12,"点珠压痕笔","15cm长","5件套，硅胶笔","套",6,10,60]
[13,"泥塑工具",null,"5只装","套",7,13,91]
[14,"铝线","直径1.0mm，长度4.5m",null,"卷",10,6,60]
[15,"开眼刀","大号16cm,小号14.8cm","2支装","套",6,12,72]
[16,"10款压花模","33件套",null,"套",7,14,98]
[17,"翻糖水滴玫瑰花模具","7件套，不锈钢材质",null,"套",6,45,270]
[18,"一次性手套","PVC，L码，200支/盒",null,"盒",12,18,216]
[19,"厨房用电子称","电池充电两用，3kg/0.1g","味之享，Type-C三用款","个",7,65,455,"中式茶果子课程"]
[20,"饮用水","农夫山泉","12.9L","桶",2,30,60]
[21,"和果子工具套装（中级）","黑胡桃木","菊心三角棒、双头丸棒、一文字篦、曲刃篦、樱花篦、抚子花、细工筷、硬菊针、娟布、金属果子剪、极细镊子、小喷壶、平光板（小）、金属网筛、蛋形工具、亚克力等分盘、果子专用8色色素、树脂刻模20个","套",1,1400,1400]
[22,"专用茶绞巾","28*28cm，材质：绢布","产地：日本","条",1,110,110]
[23,"酒精喷雾（食品级）","95%食品级酒精，500ml ",null,"瓶",1,27,27]
[24,"酒精消毒棉片\n（食品级）","75%酒精，150片/盒","蓓安适","盒",1,20,20]
[25,"圆形摆件底坐","鸡翅木，缕空","内径5.5厘米","个",10,18,180]
[26,"圆形摆件底坐","鸡翅木，缕空","内径6.5厘米","个",10,21,210]
[27,"一次性手套\n（食品级）","M码，100只/盒","黑、白色丁睛手套各1盒","盒",2,50,100]
[28,"茶果子装饰材料","金粉 闪闪粉 小银珠 金箔 新引粉","五瓶小套装，可食用","套",1,135,135]
[29,"茶点碟","乌金海棠、乌金祥云","6个套装","套",2,85,170]
[30,"托盘","大号，胡桃木","35*23*2.3cm","个",1,230,230]
[31,"竹木托盘","中号，29.5*20*4.8cm",null,"个",6,30,180]
[32,"一次性水果叉","竹制，工字形，9cm","100根/袋，配独立纸袋","袋",2,12,24]
[33,"黑文字杨枝",null,"100根/袋，配独立纸袋","袋",1,100,100]
[34,"千筋板","尺寸16.5*10*2.2厘米",null,"块",10,58,580]
[35,"高压喷壶","透明色，200ml ","精工喷头，按压手柄，带增压器","个",10,7,70]
[36,"基础三角棒","榉木，长20cm，宽2.2cm",null,"根",10,18,180]
[37,"双头樱花/梅花蕊","樱花木",null,"根",1,253,253]
[38,"支架式磁性白板","得力，双面、升降、月光银","尺寸：150*90mm","块",1,430,430]
[39,"色素喷枪","0.3mm口径",null,"个",3,113,339]
[40,"低糖青梅馅","力创华城","5KG/袋","袋",1,180,180]
[40,"合计",{"$nulls":5},11231]
[]
[]
["、"]